Veľavravné rebríčky (stolní tenisti bilancovali)

Bibliographic Details
Main Author: Pullmann, Karol (Author)
Format: Article
Language:Slovak
Subjects:

MARC

LEADER 00000nab a2200000 ar4500
001 vtls009154252
003 SK-MaSNL
005 20260303064042.0
008 070713c19740523xo wr|||||||||000 b|slo
015 |a SNBRB2007/10  |2 snkbucl 
038 |a SNKBUCL 
040 |a SNKBUCL  |b slo  |c SNKBUCL  |e AACR2 
041 0 |a slo 
044 |a xo  |c SK 
080 |a 796.386.071  |2 2001 
100 1 |a Pullmann, Karol  |4 aut  |9 1062151 
245 1 0 |a Veľavravné rebríčky  |b (stolní tenisti bilancovali)  |c Karol Pullmann 
650 0 7 |a stolný tenis  |2 snkbucl  |9 25562 
773 0 |t Šport  |g (23.5.1974), s. 2 
852 |a SNK  |b KIS3GCP 
999 |c 1745535  |d 1747465